01126nam a2200289 a 4500001001200000003000800012006001900020007001500039008004100054010001700095020002700112020002200139040002100161035002000182050002400202100001900226245008500245260006100330300001500391504006600406533015200472650002300624655002900647710001700676856012600693999001700819ebr10080988CaPaEBRm u cr cn|||||||||040602s2005 enk sb 001 0 eng  z 2004108290 z0761954961 (hardcover) z076195497X (pbk.) aCaPaEBRcCaPaEBR a(OCoLC)7077421314aHM1033b.T84 2005eb1 aTuffin, Keith.10aUnderstanding critical social psychologyh[electronic resource] /cKeith Tuffin. aLondon ;aThousand Oaks, CA :bSAGE Publications,c2005. aix, 204 p. aIncludes bibliographical references (p. 178-193) and indexes. aElectronic reproduction.bPalo Alto, Calif. :cebrary,d2013.nAvailable via World Wide Web.nAccess may be limited to ebrary affiliated libraries. 0aSocial psychology. 7aElectronic books.2local2 aebrary, Inc.40uhttp://site.ebrary.com/lib/rucke/Doc?id=10080988zAn electronic book accessible through the World Wide Web; click to view c55588d55588